Normal view
MARC view
- Weiss J Wise H H
Entry Personal Name
001 - CONTROL NUMBER
- control field: 29287
003 - CONTROL NUMBER IDENTIFIER
- control field: OSt
005 - DATE AND TIME OF LATEST TRANSACTION
- control field: 20220803173521.0
008 - FIXED-LENGTH DATA ELEMENTS
- fixed length control field: 220803|| aca||aabn | a|a d
040 ## - CATALOGING SOURCE
- Original cataloging agency: OSt
- Transcribing agency: OSt
100 ## - HEADING--PERSONAL NAME
- Personal name: Weiss J Wise H H
670 ## - SOURCE DATA FOUND
- Source citation: Work cat.: (OSt)18373: Weiss J 29285, Made With Oak, 1975